| 000 | 00000nam##2200000za#4500 |
| 001 | 9.632483 |
| 003 | CaOODSP |
| 005 | 20210624214833 |
| 007 | cr ||||||||||| |
| 008 | 150407|2003||||xxc|||||o f|0| 0 fre|d |
| 040 | |aCaOODSP|bfre |
| 043 | |an-cn--- |
| 086 | 1 |aYM41-3/2003F-PDF |
| 245 | 03|aUn parlement selon nos voeux : |h[ressource électronique]|bles vues des parlementaires sur la réforme du parlement / |cpréparé sous la direction de: Carolyn Bennett, Deborah Grey et Yves Morin, avec Graham Fox, William Young. |
| 260 | |aOttawa - Ontario : |bBibliothèque du Parlement |c2003. |
| 500 | |a«Rapport préparé par la Bibliothèque du Parlement». |
| 590 | |a13-12-Supp|b2013-05-10 |
| 691 | 07|aChambre des communes|2gcpds |
| 691 | 07|aDéputé fédéral|2gcpds |
| 710 | 1 |aCanada. |bBibliothèque du Parlement. |
| 775 | 08|tThe parliament we want : |w(CaOODSP)9.688041 |
| 856 | 40|ahttp://publications.gc.ca|qPDF|s223 Ko|uhttps://publications.gc.ca/collections/Collection/YM41-3-2003F.pdf |